Online
Catalog

Bureaucracy and policy implementation / (Record no. 12844)

MARC details
000 -CABECERA
campo de control de longitud fija 00942cam a2200277 a 4500
001 - NÚMERO DE CONTROL
campo de control 000013205
005 - FECHA Y HORA DE LA ÚLTIMA TRANSACCIÓN
campo de control 20260129101438.0
008 - DATOS DE LONGITUD FIJA--INFORMACIÓN GENERAL
campo de control de longitud fija 820526s1982 ilua b 001 0 eng
020 ## - NÚMERO INTERNACIONAL ESTÁNDAR DEL LIBRO
Número Internacional Estándar del Libro 025602667X
040 ## - FUENTE DE LA CATALOGACIÓN
Centro catalogador/agencia de origen DO-SdBNP
Lengua de catalogación eng
Centro/agencia transcriptor LC
Centro/agencia modificador BNPHU
082 ## - NÚMERO DE LA CLASIFICACIÓN DECIMAL DEWEY
Número de clasificación 352.63
Número de documento/Ítem R589b
049 ## - FONDOS LOCALES (OCLC)
Fondos de biblioteca BNGR
100 1# - ENTRADA PRINCIPAL--NOMBRE DE PERSONA
Nombre de persona Ripley, Randall B.
9 (RLIN) 30301
245 10 - MENCIÓN DE TÍTULO
Título Bureaucracy and policy implementation /
Mención de responsabilidad, etc. Randall B. Ripley y Grace A. Franklin.
260 ## - PUBLICACIÓN, DISTRIBUCIÓN, ETC.
Lugar de publicación, distribución, etc. Homewood, Illinois :
Nombre del editor, distribuidor, etc. Dorsey Press,
Fecha de publicación, distribución, etc. 1982.
300 ## - DESCRIPCIÓN FÍSICA
Extensión xii, 226 p. :
Otras características físicas il. ;
Dimensiones 23 cm.
490 1# - MENCIÓN DE SERIE
Mención de serie The Dorsey Series in Political Science
504 ## - NOTA DE BIBLIOGRAFÍA, ETC.
Nota de bibliografía, etc. Bibliografía: p. 209-217.
650 #0 - PUNTO DE ACCESO ADICIONAL DE MATERIA--TÉRMINO DE MATERIA
Término de materia o nombre geográfico como elemento de entrada Burocracia
9 (RLIN) 30302
650 #4 - PUNTO DE ACCESO ADICIONAL DE MATERIA--TÉRMINO DE MATERIA
Término de materia o nombre geográfico como elemento de entrada Función pública
9 (RLIN) 659
651 #4 - PUNTO DE ACCESO ADICIONAL DE MATERIA--NOMBRE GEOGRÁFICO
Nombre geográfico Estados Unidos
Subdivisión general Política Y Gobierno.
9 (RLIN) 5436
650 #0 - PUNTO DE ACCESO ADICIONAL DE MATERIA--TÉRMINO DE MATERIA
Término de materia o nombre geográfico como elemento de entrada Ciencia política
9 (RLIN) 5772
700 1# - PUNTO DE ACCESO ADICIONAL--NOMBRE DE PERSONA
Nombre de persona Franklin, Grace A.
9 (RLIN) 30303
830 #4 - PUNTO DE ACCESO ADICIONAL DE SERIE-TÍTULO UNIFORME
Título uniforme The Dorsey Series in Political Science
9 (RLIN) 30304
910 ## - DATOS DE OPCIÓN DEL USUARIO (OCLC)
Datos de opción del usuario Catalogación por copia / LC
Holdings
Estado de retiro Estado de pérdida Restricciones de uso No para préstamo Código de colección Localización permanente Ubicación/localización actual Ubicación en estantería Fecha de adquisición Número de inventario Total de préstamos Signatura topográfica completa Código de barras Fecha visto por última vez Precio válido a partir de Tipo de ítem Koha
      Excluido de préstamo Monografías: Libros y Folletos General General Depósito 20.11.2009 LF1   352.63 R589b 13205-10 25.06.2020 25.06.2020 No se presta
  Extraviado   Excluido de préstamo Monografías: Libros y Folletos General General Extraviado 22.05.2017 LF1   352.63 R589b 13205-20 25.06.2020 25.06.2020 No se presta

Powered by Koha